000 014230000a22002770004500
003 EG-GICUC
005 20250223025249.0
008 080508s2006 ua f m 000 0 ara d
040 _aEG-GICUC
_bara
_cEG-GICUC
041 0 _aAra
049 _aاهداء
097 _aماجستير
099 _aCai01.30.05.M.Sc.2006.هي.ت
100 0 _aهيثم عادل عبدالبصير على
245 1 2 _aالتنبؤ بمستوى الاداء المهارى بدلالة بعض المتغيرات الفسيولوجية و القدرات البدنية الخاه للاعبى كرة القدم /
_cهيثم عادل عبد البصير على ؛ اشراف رفاعى مصطفى حسين : عادل ابراهيم عمر
246 1 5 _aThe prediction of the level of skillful performance using some physiological variables and special physical qualities for soccer players
260 _aبورسعيد :
_bهيثم عادل عبد البصير على :
_c2006
300 _a138ص ؛
_c25سم
502 _aاطروحة (ماجستير) - جامعة قناة السويس - كلية التربية الرياضية ببورسعيد - قسم التدريب الرياضى
700 0 _aرفاعى مصطفى حسين :
_eمشرف
700 0 _aعادل ابراهيم عمر :
_eمشرف
856 _uhttp://172.23.153.220/th.pdf
905 _aFatma
_eCataloger
905 _aNazla
_eRevisor
942 _2ddc
_cTH
999 _c9184
_d9184